00848 a2200193 4500001000500000005001700005008004100022003001500063040004000078080004700118245005600165020002200221264004300243300001900286505020600305041000800511100002700519856010800546189520260407155419.0260407a2008 arg spa dAR-UNSa-BCEJYS aAR-UNSa-BCEJYSbspacAR-UNSa-BCEJYS a347.440xTipos de contratos (Fideicomisos)10aFideicomisospordinarios o comunes (no financieros) a978-987-1140-94-7 1aBuenos Aires :bOsmar D. Buyattic2008 a150 p.c23 cm. a1. Aspectos legales, comentarios básicos - 2. Aspectos impositivos, comentarios básicos - 3. Aspectos contables - 4. Planteos de casos prácticos - 5. Soluciones propuestas de los casos planteados aspa1 aLeone, Eduardo César41uhttps://biblioeco.unsa.edu.ar/pmb/images/libros/Fideicomisos-l117981.jpgyImagen de portadaqimage/jpeg